Villes côtières en Bretagne (mort subite) - Statistiques

Statistiques générales
  • Ce quiz a été pris 445 fois
  • Le résultat moyen est 5 sur 9
Answers on the Grid
Answers color-coded by a green-red scale on the quiz's grid according to % correct below.
Brest
Carhaix-Plouguer
Concarneau
Dinan
Fougères
Guingamp
Lannion
Lorient
Loudéac
Morlaix
Paimpol
Ploërmel
Pontivy
Quimper
Quimperlé
Redon
Rennes
Saint-Brieuc
Saint-Malo
Vannes
 
Statistiques - réponses
Réponse % Correct
Brest
94%
Concarneau
73%
Saint-Malo
66%
Lorient
62%
Vannes
58%
Saint-Brieuc
54%
Paimpol
41%
Morlaix
31%
Lannion
30%
Aucun quiz correspondant
Distribution des résultats
% des personnes avec chaque résultat
Percentile par nombre de réponses
Votre historique - résultats
Vous n’avez pas pris ce quiz